| 000 | 00460nam a2200157Ia 4500 | ||
|---|---|---|---|
| 003 | GCL | ||
| 008 | 140319s9999 xx 000 0 eng d | ||
| 040 |
_aGCL / _cGCL |
||
| 082 | 0 | 4 |
_a620.43 _bH H |
| 100 | 1 | _aHUNT, TREVOR M. | |
| 245 | 1 | 0 |
_aHANDBOOK OF WEAR DEBRIS ANALYSIS AND PRACTICE DETETION IN LIQUIDES / _cHUNT, TREVOR M. |
| 260 |
_a[S.N] : _bElsevier Applied Science ، _c1993 |
||
| 650 | 0 | 4 | _aTECHNOLOGY |
| 650 | 0 | 4 | _aLIQUID PRACTICAL |
| 942 |
_2ddc _cBK |
||
| 999 |
_c18187 _d18187 |
||